00546cam a2200157 4500001000500000005001700005008003900022010001700061100002100078245010200099260005300201300002600254504004100280650001800321650004900339306020181127170413.0061220s2007 nju b 000 0 eng a 20060526741 aGoffman, Erving.10aAsylums :bessays on the social situation of mental patients and other inmates /cErving Goffman. aNew Brunswick, NJ :bAldine Transaction,cc2007. axiv, 386 p. ;c24 cm. aIncludes bibliographical references. 0aMentally ill. 0aPsychiatric hospitalsxSociological aspects.